[Event "UKR-ch 1/2 final"]
[Site "Alushta UKR"]
[Date "2011.05.03"]
[Round "1.39"]
[White "Smolin, S2."]
[Black "Golubka, Petro"]
[Result "0-1"]
[WhiteElo "2073"]
[BlackElo "2401"]
[WhiteFideId "-1"]
[BlackFideId "-1"]
[PlyCount "124"]
[GameId "2129405071221824"]
[EventDate "2011.05.03"]
[EventType "swiss"]
[EventRounds "9"]
[EventCountry "UKR"]
[SourceTitle "The Week in Chess 863"]
[Source "Mark Crowther"]
[SourceDate "2011.05.23"]
[SourceVersion "1"]
[SourceVersionDate "2011.05.23"]
[SourceQuality "2"]

1. e4 c5 2. Nc3 d6 3. f4 a6 4. a4 Nc6 5. Nf3 Nf6 6. b3 e6 7. Bb2 Be7 8. d4 cxd4 9. Nxd4 Qc7 10. Be2 O-O 11. Nxc6 bxc6 12. O-O Rb8 13. Bd3 d5 14. Qe2 a5 15. e5 Nd7 16. Kh1 g6 17. f5 exf5 18. Bxf5 Nc5 19. Bxc8 Qxc8 20. Ba3 Qc7 21. Qf2 Ne6 22. Bxe7 Qxe7 23. Rae1 Rb4 24. g3 h5 25. Na2 Rd4 26. Nc1 Rb8 27. Nd3 Re4 28. Qg2 Ng5 29. h4 Rxe1 30. Rxe1 Ne4 31. Nf2 Nc5 32. Nh3 Ne6 33. Qd2 Qb4 34. Qf2 Qg4 35. Kh2 Ng7 36. Ng5 Nf5 37. Rg1 Re8 38. e6 f6 39. Qa7 Re7 40. Qb8+ Kg7 41. Nh3 Rxe6 42. Nf4 Re7 43. Qc8 Nd4 44. Qxg4 hxg4 45. Rc1 g5 46. hxg5 fxg5 47. Nd3 Re2+ 48. Kg1 Rd2 49. Kf1 Ne2 50. Ke1 Rxd3 51. Kxe2 Rxg3 52. Kd2 Rf3 53. c3 Rf2+ 54. Kd3 Rb2 55. Rg1 Rxb3 56. Rxg4 Kf6 57. Kc2 Rb8 58. Rg1 Rg8 59. Kd3 Ke5 60. c4 g4 61. cxd5 Kxd5 62. Ke3 Re8+ 0-1

[Event "UKR-ch 1/2 final"]
[Site "Alushta UKR"]
[Date "2011.05.04"]
[Round "2.4"]
[White "Golubka, Petro"]
[Black "Oleksienko, Michailo"]
[Result "1/2-1/2"]
[WhiteElo "2401"]
[BlackElo "2577"]
[WhiteFideId "-1"]
[BlackFideId "-1"]
[PlyCount "71"]
[GameId "2129405071221863"]
[EventDate "2011.05.03"]
[EventType "swiss"]
[EventRounds "9"]
[EventCountry "UKR"]
[SourceTitle "The Week in Chess 863"]
[Source "Mark Crowther"]
[SourceDate "2011.05.23"]
[SourceVersion "1"]
[SourceVersionDate "2011.05.23"]
[SourceQuality "2"]

1. e4 c5 2. Nf3 e6 3. d4 cxd4 4. Nxd4 a6 5. c4 Nf6 6. Bd3 Nc6 7. Nxc6 dxc6 8. O-O e5 9. Qe2 Bc5 10. Be3 Qb6 11. Bxc5 Qxc5 12. h3 Be6 13. Nd2 O-O 14. Rfd1 Rfd8 15. Nf3 a5 16. b3 Rd6 17. Qb2 Rad8 18. Qc2 Nh5 19. Bf1 Nf4 20. Rxd6 Rxd6 21. Rd1 f6 22. Rxd6 Qxd6 23. Qd2 Qxd2 24. Nxd2 Kf7 25. f3 h5 26. h4 g5 27. g3 Ng6 28. hxg5 fxg5 29. c5 Nf8 30. a3 Nd7 31. b4 axb4 32. axb4 b6 33. cxb6 Nxb6 34. Kf2 Ke7 35. Ke3 Kd6 36. f4 1/2-1/2

[Event "UKR-ch 1/2 final"]
[Site "Alushta UKR"]
[Date "2011.05.05"]
[Round "3.13"]
[White "Zherebukh, Yaroslav"]
[Black "Golubka, Petro"]
[Result "1-0"]
[WhiteElo "2586"]
[BlackElo "2401"]
[WhiteFideId "-1"]
[BlackFideId "-1"]
[PlyCount "65"]
[GameId "2129405071221943"]
[EventDate "2011.05.03"]
[EventType "swiss"]
[EventRounds "9"]
[EventCountry "UKR"]
[SourceTitle "The Week in Chess 863"]
[Source "Mark Crowther"]
[SourceDate "2011.05.23"]
[SourceVersion "1"]
[SourceVersionDate "2011.05.23"]
[SourceQuality "2"]

1. e4 e5 2. Nf3 Nc6 3. Bb5 a6 4. Ba4 Nf6 5. O-O b5 6. Bb3 Be7 7. Re1 O-O 8. h3 d6 9. c3 Na5 10. Bc2 c5 11. d4 Nd7 12. Nbd2 exd4 13. cxd4 cxd4 14. Nxd4 Bf6 15. Nf1 g6 16. Ne3 Bb7 17. b3 Re8 18. Ng4 Bg7 19. Nh6+ Kf8 20. Bf4 Ne5 21. Qd2 Bf6 22. Rad1 Rc8 23. Bb1 Nac6 24. Ne2 Re6 25. Be3 Bg7 26. Bg5 f6 27. Nf4 Qe7 28. Nxe6+ Qxe6 29. Be3 Rd8 30. Qd5 Qxd5 31. Rxd5 Ne7 32. Rd2 Bc8 33. Red1 1-0

[Event "UKR-ch 1/2 final"]
[Site "Alushta UKR"]
[Date "2011.05.06"]
[Round "4.38"]
[White "Golubka, Petro"]
[Black "Kigel, Dmytro"]
[Result "1-0"]
[WhiteElo "2401"]
[BlackElo "2198"]
[WhiteFideId "-1"]
[BlackFideId "-1"]
[PlyCount "49"]
[GameId "2129405071230233"]
[EventDate "2011.05.03"]
[EventType "swiss"]
[EventRounds "9"]
[EventCountry "UKR"]
[SourceTitle "The Week in Chess 863"]
[Source "Mark Crowther"]
[SourceDate "2011.05.23"]
[SourceVersion "1"]
[SourceVersionDate "2011.05.23"]
[SourceQuality "2"]

1. d4 Nf6 2. c4 e6 3. Nf3 d5 4. g3 dxc4 5. Qa4+ Bd7 6. Qxc4 Bc6 7. Nbd2 Nbd7 8. Bg2 Bd5 9. Qc2 c5 10. e4 Bc6 11. O-O Be7 12. Re1 O-O 13. a3 Rc8 14. e5 Nd5 15. Ne4 cxd4 16. Neg5 g6 17. Qd2 Qb6 18. Bh3 Nc5 19. Nxh7 Kxh7 20. Qh6+ Kg8 21. Ng5 Bxg5 22. Bxg5 f6 23. Qxg6+ Kh8 24. Bxf6+ Nxf6 25. exf6 1-0

[Event "UKR-ch 1/2 final"]
[Site "Alushta UKR"]
[Date "2011.05.07"]
[Round "5.26"]
[White "Alexeev, Alexey"]
[Black "Golubka, Petro"]
[Result "0-1"]
[WhiteElo "2297"]
[BlackElo "2401"]
[WhiteFideId "-1"]
[BlackFideId "-1"]
[PlyCount "82"]
[GameId "2129405071230294"]
[EventDate "2011.05.03"]
[EventType "swiss"]
[EventRounds "9"]
[EventCountry "UKR"]
[SourceTitle "The Week in Chess 863"]
[Source "Mark Crowther"]
[SourceDate "2011.05.23"]
[SourceVersion "1"]
[SourceVersionDate "2011.05.23"]
[SourceQuality "2"]

1. e4 c5 2. Nf3 d6 3. Bc4 Nf6 4. d3 a6 5. Bb3 Nc6 6. c3 g6 7. O-O Bg7 8. Re1 O-O 9. h3 e5 10. Nbd2 b5 11. a4 Bb7 12. Nf1 h6 13. Ng3 Na5 14. Bc2 c4 15. d4 Qc7 16. d5 Nd7 17. axb5 axb5 18. Nh2 Nc5 19. Ng4 Kh7 20. Qf3 Qe7 21. Be3 Nab3 22. Rxa8 Rxa8 23. h4 Nd3 24. Bxd3 cxd3 25. h5 b4 26. Rd1 bxc3 27. bxc3 Ba6 28. Rb1 Bc4 29. Qd1 Ra3 30. f3 Qc7 31. hxg6+ fxg6 32. Nf1 h5 33. Nf2 Qa5 34. Qe1 Ra2 35. Nd1 Re2 36. Qg3 d2 37. f4 exf4 38. Bxf4 Re1 39. Kh2 Rxf1 40. Bxd6 Qa2 41. Rb2 Qa1 0-1

[Event "UKR-ch 1/2 final"]
[Site "Alushta UKR"]
[Date "2011.05.08"]
[Round "6.10"]
[White "Golubka, Petro"]
[Black "Firman, Nazar"]
[Result "1-0"]
[WhiteElo "2401"]
[BlackElo "2542"]
[WhiteFideId "-1"]
[BlackFideId "-1"]
[PlyCount "75"]
[GameId "2129405071230351"]
[EventDate "2011.05.03"]
[EventType "swiss"]
[EventRounds "9"]
[EventCountry "UKR"]
[SourceTitle "The Week in Chess 863"]
[Source "Mark Crowther"]
[SourceDate "2011.05.23"]
[SourceVersion "1"]
[SourceVersionDate "2011.05.23"]
[SourceQuality "2"]

1. c4 g6 2. Nf3 Bg7 3. Nc3 e5 4. g3 d6 5. Bg2 f5 6. O-O Nf6 7. d4 e4 8. Ng5 h6 9. Nh3 Nc6 10. f3 exf3 11. exf3 O-O 12. Nf4 Qe8 13. Re1 Qf7 14. d5 Nd8 15. Be3 g5 16. Nd3 Bd7 17. Bf2 a6 18. Rc1 Qg6 19. c5 Nf7 20. c6 bxc6 21. dxc6 Bxc6 22. Nb4 Bb7 23. Ncd5 Nxd5 24. Nxd5 Bxd5 25. Qxd5 Be5 26. Rxc7 Rac8 27. Rec1 Rce8 28. Bf1 Kh8 29. Bxa6 Bf6 30. Bb5 Rb8 31. Kg2 Ne5 32. a4 g4 33. f4 Nf3 34. Rh1 Rbc8 35. Rxc8 Rxc8 36. Bd3 Rb8 37. b3 Re8 38. Qxf5 1-0

[Event "UKR-ch 1/2 final"]
[Site "Alushta UKR"]
[Date "2011.05.09"]
[Round "7.7"]
[White "Tarlev, Konstantin"]
[Black "Golubka, Petro"]
[Result "1-0"]
[WhiteElo "2499"]
[BlackElo "2401"]
[WhiteFideId "-1"]
[BlackFideId "-1"]
[PlyCount "81"]
[GameId "2129405071230419"]
[EventDate "2011.05.03"]
[EventType "swiss"]
[EventRounds "9"]
[EventCountry "UKR"]
[SourceTitle "The Week in Chess 863"]
[Source "Mark Crowther"]
[SourceDate "2011.05.23"]
[SourceVersion "1"]
[SourceVersionDate "2011.05.23"]
[SourceQuality "2"]

1. e4 c5 2. Nf3 d6 3. d4 cxd4 4. Nxd4 Nf6 5. Nc3 a6 6. Be3 e6 7. f3 h5 8. Bc4 Qc7 9. Bb3 Nc6 10. Qe2 Bd7 11. O-O-O Na5 12. Kb1 Be7 13. g4 hxg4 14. fxg4 Nxb3 15. cxb3 Bc6 16. Nxc6 Qxc6 17. Bd4 b5 18. g5 Nh5 19. Qg4 b4 20. Na4 Qb5 21. h4 Rb8 22. Rhf1 e5 23. Ba7 Ra8 24. Be3 Rb8 25. Qf3 Nf4 26. Bxf4 exf4 27. Qxf4 O-O 28. Rd5 Qe2 29. Rd2 Qb5 30. Qf3 Rbc8 31. Rd5 Qc6 32. Qd3 Rc7 33. Rd4 Rfc8 34. Rc4 Qb5 35. Qf3 f6 36. Rxc7 Rxc7 37. g6 Rc6 38. Rd1 Qe5 39. Qf5 d5 40. Rxd5 Qh2 41. Rd8+ 1-0

[Event "UKR-ch 1/2 final"]
[Site "Alushta UKR"]
[Date "2011.05.10"]
[Round "8.15"]
[White "Golubka, Petro"]
[Black "Aveskulov, Valeriy"]
[Result "1/2-1/2"]
[WhiteElo "2401"]
[BlackElo "2526"]
[WhiteFideId "-1"]
[BlackFideId "-1"]
[PlyCount "106"]
[GameId "2129405071238691"]
[EventDate "2011.05.03"]
[EventType "swiss"]
[EventRounds "9"]
[EventCountry "UKR"]
[SourceTitle "The Week in Chess 863"]
[Source "Mark Crowther"]
[SourceDate "2011.05.23"]
[SourceVersion "1"]
[SourceVersionDate "2011.05.23"]
[SourceQuality "2"]

1. e4 c5 2. Nf3 d6 3. d4 Nf6 4. Nc3 cxd4 5. Nxd4 a6 6. Be3 e5 7. Nf3 Qc7 8. Bg5 Nbd7 9. a4 h6 10. Bh4 g5 11. Bg3 Nc5 12. Nd2 Be6 13. h4 Rg8 14. hxg5 hxg5 15. a5 Qc6 16. Qf3 Bg7 17. Qe3 Rc8 18. Be2 Bf8 19. f3 Ncd7 20. Bd3 Be7 21. Bf2 d5 22. exd5 Nxd5 23. Nxd5 Bxd5 24. Ne4 Bb4+ 25. c3 Be7 26. g4 Kf8 27. Rh7 Nc5 28. Nxc5 Bxc5 29. Qxc5+ Qxc5 30. Bxc5+ Rxc5 31. Kf2 Ke7 32. Rh6 Rd8 33. Bf5 Bc6 34. Ke3 Rc4 35. Be4 Bxe4 36. fxe4 Rc7 37. Rb6 Rcd7 38. Re1 Rd3+ 39. Kf2 R8d7 40. Re3 Rd2+ 41. Re2 R2d3 42. Re3 Rd2+ 43. Re2 R2d6 44. Rb4 Rf6+ 45. Kg3 Kd8 46. Re3 Rf4 47. Rf3 Kc8 48. Rc4+ Rc7 49. Ra4 Rc6 50. Rd3 Rf1 51. Kg2 Rf4 52. Kg3 Rf1 53. Kg2 Rf4 1/2-1/2

[Event "UKR-ch 1/2 final"]
[Site "Alushta UKR"]
[Date "2011.05.11"]
[Round "9.15"]
[White "Koziak, Vitali"]
[Black "Golubka, Petro"]
[Result "1-0"]
[WhiteElo "2482"]
[BlackElo "2401"]
[WhiteFideId "-1"]
[BlackFideId "-1"]
[PlyCount "37"]
[GameId "2129405071238764"]
[EventDate "2011.05.03"]
[EventType "swiss"]
[EventRounds "9"]
[EventCountry "UKR"]
[SourceTitle "The Week in Chess 863"]
[Source "Mark Crowther"]
[SourceDate "2011.05.23"]
[SourceVersion "1"]
[SourceVersionDate "2011.05.23"]
[SourceQuality "2"]

1. c4 e6 2. Nc3 Bb4 3. e4 Nc6 4. d4 Nf6 5. f3 O-O 6. Be3 d6 7. Nge2 e5 8. d5 Ne7 9. a3 Bc5 10. Bxc5 dxc5 11. b4 b6 12. Nc1 Nd7 13. Nd3 Ba6 14. bxc5 bxc5 15. Qa4 Qc8 16. Be2 Nb6 17. Qa5 Nxc4 18. Qxc5 Ng6 19. Nb4 1-0

[Event "Belgorod Rector Cup 7th"]
[Site "Belgorod"]
[Date "2011.03.09"]
[Round "1"]
[White "Golubka, Petro"]
[Black "Shalimov, Valery"]
[Result "1/2-1/2"]
[WhiteElo "2410"]
[BlackElo "2408"]
[WhiteFideId "-1"]
[BlackFideId "-1"]
[PlyCount "42"]
[GameId "1166654090559488"]
[EventDate "2011.03.09"]
[EventType "tourn"]
[EventRounds "9"]
[EventCountry "RUS"]
[EventCategory "7"]
[SourceTitle "EXT 2012"]
[Source "ChessBase"]
[SourceDate "2011.11.24"]
[SourceVersion "1"]
[SourceVersionDate "2011.11.24"]
[SourceQuality "1"]

1. e4 e5 2. Nf3 Nc6 3. Bb5 a6 4. Ba4 Nf6 5. O-O Be7 6. Re1 b5 7. Bb3 O-O 8. c3 d5 9. exd5 Nxd5 10. Nxe5 Nxe5 11. Rxe5 c6 12. d4 Bd6 13. Re1 Qh4 14. g3 Qh3 15. Re4 g5 16. Qe2 f5 17. Bxd5+ cxd5 18. Re6 f4 19. Rxd6 Bg4 20. Qf1 Qxf1+ 21. Kxf1 Rae8 1/2-1/2

[Event "Belgorod Rector Cup 7th"]
[Site "Belgorod"]
[Date "2011.03.11"]
[Round "3"]
[White "Golubka, Petro"]
[Black "Ivanov, Alexander Al"]
[Result "1/2-1/2"]
[WhiteElo "2410"]
[BlackElo "2460"]
[WhiteFideId "-1"]
[BlackFideId "-1"]
[PlyCount "49"]
[GameId "1166654090600448"]
[EventDate "2011.03.09"]
[EventType "tourn"]
[EventRounds "9"]
[EventCountry "RUS"]
[EventCategory "7"]
[SourceTitle "EXT 2012"]
[Source "ChessBase"]
[SourceDate "2011.11.24"]
[SourceVersion "1"]
[SourceVersionDate "2011.11.24"]
[SourceQuality "1"]

1. e4 d6 2. d4 e5 3. Nf3 Nc6 4. Nc3 Nf6 5. Bb5 Bd7 6. O-O Be7 7. Re1 exd4 8. Nxd4 O-O 9. Bxc6 bxc6 10. h3 c5 11. Nf3 Bc6 12. b3 Nd7 13. Nd5 Bxd5 14. Qxd5 Bf6 15. Bg5 Bxg5 16. Qxg5 Qxg5 17. Nxg5 Rfe8 18. Nf3 a5 19. Nd2 a4 20. f3 Nb6 21. Kf2 Ra5 22. Nc4 Nxc4 23. bxc4 Rb8 24. Rab1 Raa8 25. a3 1/2-1/2

[Event "Belgorod Rector Cup 7th"]
[Site "Belgorod"]
[Date "2011.03.11"]
[Round "4"]
[White "Golubka, Petro"]
[Black "Tatekhin, Vyacheslav"]
[Result "0-1"]
[WhiteElo "2410"]
[BlackElo "2154"]
[WhiteFideId "-1"]
[BlackFideId "-1"]
[PlyCount "56"]
[GameId "1166654090620928"]
[EventDate "2011.03.09"]
[EventType "tourn"]
[EventRounds "9"]
[EventCountry "RUS"]
[EventCategory "7"]
[SourceTitle "EXT 2012"]
[Source "ChessBase"]
[SourceDate "2011.11.24"]
[SourceVersion "1"]
[SourceVersionDate "2011.11.24"]
[SourceQuality "1"]

1. e4 c5 2. Nf3 d6 3. d4 cxd4 4. Nxd4 Nf6 5. Nc3 e6 6. g4 Nc6 7. g5 Nd7 8. h4 Be7 9. Be3 Nxd4 10. Qxd4 O-O 11. O-O-O a6 12. f4 b5 13. f5 Ne5 14. Bh3 Bd7 15. Bf4 Nc4 16. e5 dxe5 17. Qxd7 exf4 18. Qb7 Bd6 19. fxe6 Qa5 20. Rxd6 Nxd6 21. Qc6 Nc4 22. e7 Rfe8 23. a3 b4 24. Bd7 bxc3 25. Bxe8 cxb2+ 26. Kb1 Nxa3+ 27. Kxb2 Rb8+ 28. Kc1 Rb1# 0-1

[Event "Belgorod Rector Cup 7th"]
[Site "Belgorod"]
[Date "2011.03.12"]
[Round "5"]
[White "Danin, Alexandre"]
[Black "Golubka, Petro"]
[Result "1-0"]
[WhiteElo "2543"]
[BlackElo "2410"]
[WhiteFideId "-1"]
[BlackFideId "-1"]
[PlyCount "94"]
[GameId "1166654090637312"]
[EventDate "2011.03.09"]
[EventType "tourn"]
[EventRounds "9"]
[EventCountry "RUS"]
[EventCategory "7"]
[SourceTitle "EXT 2012"]
[Source "ChessBase"]
[SourceDate "2011.11.24"]
[SourceVersion "1"]
[SourceVersionDate "2011.11.24"]
[SourceQuality "1"]

1. e4 c5 2. Nf3 d6 3. d4 cxd4 4. Nxd4 a6 5. Nc3 e6 6. Be2 Nf6 7. f4 Be7 8. O-O O-O 9. Be3 Qc7 10. Bf3 Nc6 11. Nxc6 bxc6 12. Na4 Rb8 13. c4 c5 14. Qc2 Bb7 15. Nc3 Rbd8 16. Rad1 Nd7 17. b3 Nb8 18. Qf2 Nc6 19. f5 Bf6 20. Ne2 Ne5 21. Ng3 Bh4 22. Be2 Qe7 23. Qf4 g5 24. f6 gxf4 25. fxe7 fxe3 26. exd8=Q Rxd8 27. Bf3 a5 28. Rfe1 Bg5 29. Nf1 a4 30. Nxe3 axb3 31. axb3 Bxe3+ 32. Rxe3 Kf8 33. Kf2 Nc6 34. e5 Ke7 35. exd6+ Rxd6 36. Rxd6 Kxd6 37. Rd3+ Kc7 38. Bxc6 Bxc6 39. Rg3 Be4 40. Ke3 Bg6 41. Rf3 Kd6 42. Rf2 h6 43. Ra2 Kc7 44. Kf4 Kc6 45. Ke5 h5 46. h4 Kc7 47. Rf2 Kc6 1-0

[Event "Belgorod Rector Cup 7th"]
[Site "Belgorod"]
[Date "2011.03.13"]
[Round "6"]
[White "Golubka, Petro"]
[Black "Kalugin, Sergey V"]
[Result "1-0"]
[WhiteElo "2410"]
[BlackElo "2390"]
[WhiteFideId "-1"]
[BlackFideId "-1"]
[PlyCount "71"]
[GameId "1166654090657792"]
[EventDate "2011.03.09"]
[EventType "tourn"]
[EventRounds "9"]
[EventCountry "RUS"]
[EventCategory "7"]
[SourceTitle "EXT 2012"]
[Source "ChessBase"]
[SourceDate "2011.11.24"]
[SourceVersion "1"]
[SourceVersionDate "2011.11.24"]
[SourceQuality "1"]

1. e4 c5 2. Nf3 Nc6 3. d4 cxd4 4. Nxd4 Nf6 5. Nc3 d6 6. Bg5 e6 7. Qd2 h6 8. Bxf6 gxf6 9. O-O-O a6 10. f4 Qb6 11. Nb3 Bd7 12. Be2 h5 13. Rhf1 O-O-O 14. Kb1 h4 15. Rf3 Kb8 16. Qe1 Ne7 17. Rfd3 Bc8 18. Qd2 f5 19. e5 d5 20. Na4 Qa7 21. c4 Bd7 22. Nc3 Bc6 23. Bf3 Bh6 24. cxd5 exd5 25. g3 Rd7 26. Nd4 Bf8 27. Qc2 hxg3 28. hxg3 Rc7 29. Qb3 Qc5 30. Nxc6+ Nxc6 31. Rxd5 Qf2 32. R5d3 Nb4 33. Rd8+ Ka7 34. a3 Nc6 35. Bxc6 Rxc6 36. Na4 1-0

[Event "Belgorod Rector Cup 7th"]
[Site "Belgorod"]
[Date "2011.03.14"]
[Round "7"]
[White "Bogdanovich, Stanislav"]
[Black "Golubka, Petro"]
[Result "1-0"]
[WhiteElo "2512"]
[BlackElo "2410"]
[WhiteFideId "-1"]
[BlackFideId "-1"]
[PlyCount "38"]
[GameId "1166654090674176"]
[EventDate "2011.03.09"]
[EventType "tourn"]
[EventRounds "9"]
[EventCountry "RUS"]
[EventCategory "7"]
[SourceTitle "EXT 2012"]
[Source "ChessBase"]
[SourceDate "2011.11.24"]
[SourceVersion "1"]
[SourceVersionDate "2011.11.24"]
[SourceQuality "1"]

1. d4 d5 2. c4 e6 3. Nf3 c5 4. cxd5 exd5 5. g3 Nc6 6. Bg2 Nf6 7. O-O Be7 8. Nc3 h6 9. Be3 cxd4 10. Nxd4 O-O 11. Qb3 Na5 12. Qc2 Re8 13. Rad1 Bb4 14. Ndb5 Be6 15. Bd4 Bxc3 16. Qxc3 a6 17. Nc7 Rc8 18. Bb6 Nc4 19. Nxe8 Qxe8 1-0

[Event "Belgorod Rector Cup 7th"]
[Site "Belgorod"]
[Date "2011.03.14"]
[Round "8"]
[White "Golubka, Petro"]
[Black "Obodchuk, Andrei"]
[Result "1/2-1/2"]
[WhiteElo "2410"]
[BlackElo "2377"]
[WhiteFideId "-1"]
[BlackFideId "-1"]
[PlyCount "27"]
[GameId "1166654090702848"]
[EventDate "2011.03.09"]
[EventType "tourn"]
[EventRounds "9"]
[EventCountry "RUS"]
[EventCategory "7"]
[SourceTitle "EXT 2012"]
[Source "ChessBase"]
[SourceDate "2011.11.24"]
[SourceVersion "1"]
[SourceVersionDate "2011.11.24"]
[SourceQuality "1"]

1. e4 c5 2. Nf3 d5 3. d4 cxd4 4. Nxd4 Nf6 5. Nc3 e6 6. g4 Nc6 7. g5 Nd7 8. Be3 Be7 9. h4 O-O 10. Qd2 a6 11. O-O-O Nxd4 12. Bxd4 b5 13. a3 Qc7 14. f4 1/2-1/2

[Event "Belgorod Rector Cup 7th"]
[Site "Belgorod"]
[Date "2011.03.15"]
[Round "9"]
[White "Domogaev, Sergey"]
[Black "Golubka, Petro"]
[Result "1/2-1/2"]
[WhiteElo "2447"]
[BlackElo "2410"]
[WhiteFideId "-1"]
[BlackFideId "-1"]
[PlyCount "52"]
[GameId "1166654090719232"]
[EventDate "2011.03.09"]
[EventType "tourn"]
[EventRounds "9"]
[EventCountry "RUS"]
[EventCategory "7"]
[SourceTitle "EXT 2012"]
[Source "ChessBase"]
[SourceDate "2011.11.24"]
[SourceVersion "1"]
[SourceVersionDate "2011.11.24"]
[SourceQuality "1"]

1. Nf3 Nf6 2. c4 c5 3. Nc3 e6 4. g3 d5 5. cxd5 exd5 6. d4 Nc6 7. Bg2 h6 8. O-O Be7 9. dxc5 Bxc5 10. Na4 Be7 11. Be3 O-O 12. Rc1 Re8 13. Nd4 Bd7 14. Nc5 Bxc5 15. Nxc6 bxc6 16. Bxc5 Ne4 17. Bd4 Qa5 18. a3 Rac8 19. f3 Nd6 20. e4 Nc4 21. Rf2 Be6 22. exd5 Bxd5 23. Bc3 Qb6 24. Qd4 f6 25. Qxb6 axb6 26. Bf1 Ne5 1/2-1/2

[Event "Stryi Spring Wins"]
[Site "Stryi"]
[Date "2011.03.06"]
[Round "4"]
[White "Prohorov, Olexandr"]
[Black "Golubka, Petro"]
[Result "0-1"]
[WhiteElo "2071"]
[BlackElo "2410"]
[WhiteFideId "-1"]
[BlackFideId "-1"]
[PlyCount "81"]
[GameId "1166654089269248"]
[EventDate "2011.03.05"]
[EventType "tourn"]
[EventRounds "9"]
[EventCountry "UKR"]
[SourceTitle "CBM 141 Extra"]
[Source "ChessBase"]
[SourceDate "2011.05.03"]
[SourceVersion "1"]
[SourceVersionDate "2011.05.03"]
[SourceQuality "1"]

1. e4 e5 2. Nf3 Nc6 3. Bb5 a6 4. Ba4 d6 5. O-O b5 6. Bb3 Na5 7. d4 Nxb3 8. axb3 exd4 9. Qxd4 c5 10. Qd3 Bb7 11. Nc3 Nf6 12. Bg5 Be7 13. Rad1 b4 14. Bxf6 Bxf6 15. e5 dxe5 16. Qe3 Qe7 17. Na4 O-O 18. Nxc5 Bc6 19. Rfe1 Rfd8 20. Ne4 Kh8 21. h3 a5 22. g4 h6 23. Ng3 e4 24. Nf5 Qf8 25. g5 Bxb2 26. N3d4 Bb7 27. gxh6 g6 28. Qg5 gxf5 29. Qf6+ Kh7 30. Qxf5+ Kxh6 31. Qf6+ Kh7 32. Qf5+ Kg8 33. Re3 Rd6 34. Rg3+ Rg6 35. Rxg6+ fxg6 36. Qe6+ Qf7 37. Qd6 e3 38. fxe3 Bxd4 39. Rxd4 Re8 40. Rf4 Qe6 41. Rf8+ 0-1

[Event "Stryi Spring Wins"]
[Site "Stryi UKR"]
[Date "2011.03.06"]
[Round "5.21"]
[White "Golubka, Petro"]
[Black "Korman, Roman"]
[Result "1-0"]
[WhiteElo "2410"]
[BlackElo "1926"]
[WhiteFideId "-1"]
[BlackFideId "-1"]
[PlyCount "67"]
[GameId "2129405072563991"]
[EventDate "2011.03.05"]
[EventType "tourn"]
[EventRounds "9"]
[EventCountry "UKR"]
[SourceTitle "The Week in Chess 854"]
[Source "Mark Crowther"]
[SourceDate "2011.03.21"]
[SourceVersion "1"]
[SourceVersionDate "2011.03.21"]
[SourceQuality "2"]

1. e4 e5 2. Nf3 Nc6 3. Bb5 a6 4. Ba4 Nf6 5. O-O d6 6. Bxc6+ bxc6 7. d4 Bg4 8. dxe5 Bxf3 9. Qxf3 dxe5 10. Nd2 Bd6 11. Nc4 h6 12. Ne3 g6 13. Rd1 Qe7 14. Nc4 Kf8 15. Na5 c5 16. b3 Kg7 17. Bb2 Qe6 18. Rd2 Rab8 19. Rad1 Rb5 20. Nc4 Rd8 21. Bxe5 Bxe5 22. Rxd8 Bd4 23. c3 Qe7 24. Ra8 Be5 25. h3 c6 26. Kh1 Qb7 27. Rad8 Bc7 28. R8d3 Bb8 29. g3 Qe7 30. e5 Nd5 31. Kg2 Bxe5 32. Nxe5 Qxe5 33. c4 Nb4 34. cxb5 1-0

[Event "Stryi Spring Wins"]
[Site "Stryi UKR"]
[Date "2011.03.06"]
[Round "6.30"]
[White "Golubka, Petro"]
[Black "Shapoval, V."]
[Result "1-0"]
[WhiteElo "2410"]
[BlackElo "2005"]
[WhiteFideId "-1"]
[BlackFideId "-1"]
[PlyCount "65"]
[GameId "2129405072564000"]
[EventDate "2011.03.05"]
[EventType "tourn"]
[EventRounds "9"]
[EventCountry "UKR"]
[SourceTitle "The Week in Chess 854"]
[Source "Mark Crowther"]
[SourceDate "2011.03.21"]
[SourceVersion "1"]
[SourceVersionDate "2011.03.21"]
[SourceQuality "2"]

1. c4 e6 2. d4 Nf6 3. Nf3 b6 4. a3 Bb7 5. Nc3 d5 6. Bg5 Be7 7. Qa4+ Nbd7 8. Bxf6 Bxf6 9. cxd5 exd5 10. e3 O-O 11. Bb5 a6 12. Bxd7 b5 13. Bxb5 axb5 14. Qxb5 Ra7 15. Qd3 Ba6 16. Qc2 c5 17. dxc5 d4 18. Ne4 Re8 19. O-O-O d3 20. Nxf6+ Qxf6 21. Qc3 Qe6 22. Nd4 Qe5 23. c6 Rc8 24. Kd2 Qg5 25. Rdf1 Rac7 26. a4 Rd8 27. b4 Qg4 28. b5 Rxd4 29. Qxd4 Qe2+ 30. Kc3 Rxc6+ 31. bxc6 Qc2+ 32. Kb4 Qd2+ 33. Qc3 1-0

[Event "Stryi Spring Wins"]
[Site "Stryi UKR"]
[Date "2011.03.07"]
[Round "7.32"]
[White "Vyval, Volodymyr"]
[Black "Golubka, Petro"]
[Result "1-0"]
[WhiteElo "2168"]
[BlackElo "2410"]
[WhiteFideId "-1"]
[BlackFideId "-1"]
[PlyCount "105"]
[GameId "2129405072564002"]
[EventDate "2011.03.05"]
[EventType "tourn"]
[EventRounds "9"]
[EventCountry "UKR"]
[SourceTitle "The Week in Chess 854"]
[Source "Mark Crowther"]
[SourceDate "2011.03.21"]
[SourceVersion "1"]
[SourceVersionDate "2011.03.21"]
[SourceQuality "2"]

1. e4 e5 2. Nf3 Nc6 3. d4 exd4 4. Nxd4 Nf6 5. Nxc6 bxc6 6. e5 Qe7 7. Qe2 Nd5 8. c4 Ba6 9. b3 g5 10. g3 Bg7 11. Bb2 O-O-O 12. Bg2 Nb6 13. O-O d5 14. Nd2 Rhe8 15. Rfe1 Kb8 16. Qe3 h6 17. Rac1 Nd7 18. cxd5 Nxe5 19. dxc6 Nf3+ 20. Nxf3 Qxe3 21. Rxe3 Bxb2 22. Rxe8 Rxe8 23. Re1 Rxe1+ 24. Nxe1 Bc3 25. Nc2 Bd3 26. Ne3 a5 27. Bd5 f5 28. f4 a4 29. bxa4 Bd4 30. Kf2 g4 31. Bb3 Ka7 32. Bd1 Kb6 33. Be2 Bb1 34. Bb5 Bxa2 35. Ke2 Be6 36. Bd3 h5 37. Bxf5 Bf7 38. Be4 Ka5 39. Nd5 h4 40. Nxc7 Bg1 41. Bd5 Bg6 42. Ne6 Be8 43. c7 Bd7 44. Nf8 Bc8 45. Be6 Ba6+ 46. Kd1 Bxh2 47. c8=Q Bxc8 48. Bxc8 hxg3 49. Bb7 g2 50. Bxg2 Bxf4 51. Bc6 Bd6 52. Ne6 g3 53. Ke2 1-0